Online
Catalog

Gnatóstomo : (Record no. 37200)

MARC details
000 -CABECERA
campo de control de longitud fija 00455nam a2200145 a 4500
001 - NÚMERO DE CONTROL
campo de control 000037710
005 - FECHA Y HORA DE LA ÚLTIMA TRANSACCIÓN
campo de control 20201002031114.0
008 - DATOS DE LONGITUD FIJA--INFORMACIÓN GENERAL
campo de control de longitud fija 121115s19uu dr 000 0 spa d
040 ## - FUENTE DE LA CATALOGACIÓN
Centro catalogador/agencia de origen DO-SdBNP
Lengua de catalogación spa
Centro/agencia transcriptor BNPHU
100 1# - ENTRADA PRINCIPAL--NOMBRE DE PERSONA
Nombre de persona Leclercq, Bruno
9 (RLIN) 64169
245 10 - MENCIÓN DE TÍTULO
Título Gnatóstomo :
Resto del título ¿quimera de insecto y cordado? /
Mención de responsabilidad, etc. Bruno Leclercq.
260 ## - PUBLICACIÓN, DISTRIBUCIÓN, ETC.
Lugar de publicación, distribución, etc. [Santo Domingo]. :
Nombre del editor, distribuidor, etc. [s.n.],
Fecha de publicación, distribución, etc. [20-?].
300 ## - DESCRIPCIÓN FÍSICA
Extensión 83 p. ;
Dimensiones 21 cm.
500 ## - NOTA GENERAL
Nota general Incluye notas al pie de las páginas
Holdings
Estado de retiro Estado de pérdida Restricciones de uso No para préstamo Código de colección Localización permanente Ubicación/localización actual Ubicación en estantería Fecha de adquisición Número de inventario Total de préstamos Signatura topográfica completa Código de barras Fecha visto por última vez Número de copia Precio válido a partir de Tipo de ítem Koha
        Dominicana de Servicio General General En catalogación 15.11.2012 LF1   37710-30 25.06.2020 e. 3 25.06.2020 Libro y Folleto Colección Dominicana de Servicio
      Excluido de préstamo Patrimonio Dominicano Patrimonio Dominicano Patrimonio Dominicano En catalogación 15.11.2012 LF1   37710-10 25.06.2020   25.06.2020 Libro y Folleto Colección Patrimonio Dominicano
      Excluido de préstamo Patrimonio Dominicano Patrimonio Dominicano Patrimonio Dominicano En catalogación 15.11.2012 LF1   37710-20 25.06.2020 e. 2 25.06.2020 Libro y Folleto Colección Patrimonio Dominicano

Powered by Koha